000 01685nam a2200469 c 4500
001 7799
003 ES-MaCES
005 20150929135436.0
008 980815s1994 sp d 100 | spa d
017 _aM 26313-1994
_bDL
020 _a8486791995
035 _aCES19980081425m
040 _aES-MaCES
_bspa
_cES-MaCES
111 2 _aSeminario "Mercado Ambiental y Creación de Empleo"
_d1994
_cSan Lorenzo de El Escorial
_9524
245 1 0 _aMercado ambiental y creación de empleo
_b: [seminario], 2, 3 y 4 de marzo de 1994, San Lorenzo de El Escorial
_cedición coordinada por Carlos Vargas Quiroz
260 _aMadrid
_bFundación Friedrich Ebert
_cD.L. 1994
300 _a258 p.
_bgráf.
_c23 cm
490 1 _aDocumentos y estudios
_v81
504 _aBibliografía
541 _cGratuito
650 4 _aempleo
_928299
650 4 _amercado de trabajo
_928292
650 4 _acompetitividad
_928270
650 4 _afondos estructurales
_930867
650 4 _aFondo de Cohesión
_931045
650 4 _ainversión
_928141
650 4 _apolítica ambiental
_929422
650 4 _aEspaña
_926964
650 4 _aestudio de casos
_928846
650 4 _aconferencia
_927013
653 1 0 _aMedio ambiente
650 4 _928715
_amedio ambiente
650 4 _926752
_aUE
650 4 _929242
_acreación de empleos
700 1 _aVargas Quiroz, Carlos
_ecol.
_925545
710 2 _aFundación Friedrich Ebert
_eed.
_93828
711 2 _aCursos de Verano (Universidad Complutense de Madrid)
_d1994
_cEl Escorial
_9750
830 0 _aDocumentos y estudios (Fundación Friedrich Ebert)
_v81
_932131
902 _aLIB Libro
942 _2CES
_cBK
_h4.2.
999 _c7799
_d7799